Fiber-optic communication systems

Gespeichert in:
Bibliographische Detailangaben
1. Verfasser:  Agrawal, Govind P
Format: Sách
Sprache:Undetermined
Veröffentlicht:  Wiley  2010
Schlagworte:
Tags: Tag hinzufügen
Keine Tags, Fügen Sie den ersten Tag hinzu!
Thư viện lưu trữ: Trung tâm Thư viện - Trường Đại học Công nghiệp TP. Hồ Chí Minh
LEADER 00486nam a2200157Ia 4500
001 UIH_07366
008 231011s9999 xx 000 0 und d
082 |a  621.38275 
100 |a  Agrawal, Govind P 
245 0 |a  Fiber-optic communication systems 
245 0 |c  Agrawal, Govind P 
260 |b  Wiley 
260 |c  2010 
650 |a  Truyền thông quang học;  
927 |a Sách 
980 |a Trung tâm Thư viện - Trường Đại học Công nghiệp TP. Hồ Chí Minh